Chicago Bulls roster 2020-2021 - Statistics

General Stats
  • This quiz has been taken 44 times
  • The average score is 7 of 17
Answer Stats
Number Answer % Correct
8 Zach LaVine
100%
0 Coby White
83%
9 Nikola Vučević
73%
9.44 Patrick Williams
63%
24 Lauri Markkanen
53%
45 Denzel Valentine
45%
31 Tomáš Satoranský
45%
21 Thaddeus Young
35%
6 Cristiano Felício
30%
27 Daniel Theis
25%
51 Ryan Arcidiacono
25%
17 Garrett Temple
20%
11 Javonte Green
18%
5 Al-Farouq Aminu
13%
7 Troy Brown Jr.
13%
3 Devon Dotson
8%
20 Adam Mokoka
5%
No matching quizzes found
Score Distribution
Percent of People with Each Score
Percentile by Number Answered
Your Score History
You have not taken this quiz